The Economic life of refugees (Бичлэгийн дугаар. 144801)
| 000 -УДИРДЛАГА | |
|---|---|
| Удирдлага | 02374nam a22003377a 4500 |
| 003 - ХЯНАЛТЫН ТОО ТОДОРХОЙЛОГЧ | |
| Код | MN-UlNUM |
| 005 - БИЧИЛТ ХИЙСЭН ОГНОО | |
| Тухайн бичилтийг бичсэн засварласан сүүлийн огноо | 20251010163343.0 |
| 008 - ЕРӨНХИЙ МЭДЭЭЛЭЛ | |
| Ерөнхий мэдээлэл | 251010s2005 ctu 00| | mon d |
| 020 ## - ISBN | |
| ISBN | 1565492048 |
| 040 ## - БИЧЛЭГ ҮҮСГЭГЧ БАЙГУУЛЛАГА | |
| Бичлэг үүсгэгч номын сангийн код | МУИС-ийн номын сан |
| 084 ## - ББК АНГИЛАЛ | |
| Нэмэлт тусгалт | Нэг сэдэвт бүтээл |
| ББК ангилал | 65.01 |
| Зохиогчийн гурван тэмдэгт | J 12 |
| Мэдлэгийн ялгаа | 65 - Эдийн засаг |
| 100 ## - ЗОХИОГЧ | |
| Зохиогчийн нэр | Jacobsen, Karen |
| 245 ## - ҮНДСЭН ГАРЧИГ | |
| Номын нэр | The Economic life of refugees |
| Оролцогчдын тухай мэдээ | Karen Jacobsen |
| 260 ## - ГАРАЛТЫН МЭДЭЭ | |
| Хэвлэгдсэн газар | Bloomfield, CT |
| Хэвлэлийн газар | Kumarian Press, Inc |
| Хэвлэгдсэн он | 2005 |
| 300 ## - МАТЕРИАЛЫН ТОДОРХОЙЛОЛТ | |
| хуудасны тоо | x, 131 p. ; |
| Хэмжээ | 23 cm |
| 500 ## - Тайлбар | |
| Дансны дугаар | БС 2996 |
| 505 ## - Агуулгын тэмдэглэгээ | |
| Агуулгын тэмдэглэгээ | *Contains an overview of refugee experiences stressing the active roles they play in shaping their lives *Proposes a model for a policy that increases refugees' ability to support themselves Popular images of refugees depict thousands of traumatized people pouring across borders, congregating in camps where relief agenices try to meet their health and food needs in and outside camps. This book explores the economic life of refugees in protracted situations in a variety of settings: in camps, in urban areas and in third countries in the West. In The Economic Life of Refugees, Karen Jacobsen stresses that refugees fleeing violence and persecution are economic actors. She explores how some of the innovative ideas influencing migration theory can be applied to the study of refugees, and the ways in which humanitarian programs can support their efforts to pursue their livelihoods. This book is intended for undergraduates and graduate students, practitioners in the field, libraries, NGOs and anyone seeking to learn more about understanding refugees and the response of organizations trying to help them. Written with elegance and passion, The Economic Life of Refugees is destined to be a classic work of activism as well as social science. |
| 546 ## - ХЭЛНИЙ ТУХАЙ МЭДЭЭ | |
| Хэл | Англи хэл дээр, |
| 653 ## - Түлхүүр үг | |
| Түлхүүр үг | refugee camps |
| 653 ## - Түлхүүр үг | |
| Түлхүүр үг | economic assistance |
| 653 ## - Түлхүүр үг | |
| Түлхүүр үг | international relief |
| 740 ## - НОМЫН ГАРЧИГ | |
| Гарчиг | Introduction: Displaced livelihoods |
| 740 ## - НОМЫН ГАРЧИГ | |
| Гарчиг | Economic survival in refugee camps |
| 740 ## - НОМЫН ГАРЧИГ | |
| Гарчиг | Beyond the country of first asylum : refugees in third countries |
| 740 ## - НОМЫН ГАРЧИГ | |
| Гарчиг | Can humanitarian programs support the livelihoods of the displaced? |
| 740 ## - НОМЫН ГАРЧИГ | |
| Гарчиг | Supporting the livelihoods of refugees : a model for refugee assistance. |
| 942 ## - ЭЛЕМЕНТИЙН ТӨРӨЛ | |
| Зүйлийн төрөл | Ном |
